00982 2200361 4500001002100000005001500021035002000036245010900056100002200165250000600187300003500193700001200228260004300240082000800283084001400291020002200305650001400327008004100341990001700382990001700399990001700416990001700433990001700450990001700467990001700484990001700501990001700518990001700535990001700552990001700569990001700586990001700603INLIS00000000000111520190503052209 a0010-05190000061 aMengenal Bumi Untuk Menjaga Kelestarian Bumi :bSeri 1 Planet Bumi /cCiceu Indariawati; Editor, Sunarti0 aCiceu Indariawati a- aiv, 60 hlm. :bilus. ;c25 cm.0 aSunarti aSurabaya :bCV Graha Ilmu Mulia,c2010 a550 a550 CIC m a978-979-756-009-6 aIlmu Bumi190503 0  a03984/H/2018 a03985/H/2018 a03986/H/2018 a03986/H/2018 a03984/H/2018 a03985/H/2018 a03985/H/2018 a03984/H/2018 a03986/H/2018 a03984/H/2018 a03985/H/2018 a03986/H/2018 a04080/H/2018 a04081/H/2018